Datum a čas kvízu
24.5
Celkem bodů
Celkový počet nahraných bodů na tomto kvízu bez doplňovacích otázek.
6.
Pořadí na kvízu
Konečné umístění týmu na tomto kvízu.
Zaznamenané odpovědi
| # | Otázka | Odpověď | Body | Výsledky |
|---|---|---|---|---|
| 1. | Který obchodní řetězec minulý... | Billa | 0 | |
| 2. | Rádio svobodná Evropa/Rádio Sv... | v Maďarsku | 1 | |
| 3. | Amazon minulý týden oznámil, ž... | Hvězdná brána | 1 | |
| 4. | Relativně málo známý Portrét E... | Gustav Klimt | 0 | |
| 5. | Minulý týden se jeden evropský... | FC Barcelona, Camp Nou | 0 | |
| 6. | Za půl bodu uveďte název ameri... | Bratrstvo neohrožených/Band of Brothers; rota E/Easy Company | 1 | |
| 7. | Seřaďte následující vojenské h... | 1D 2A 3C 4B | 1 | |
| 8. | Po půl bodu můžete dostat za u... | Karel Kryl; Bratříčku, zavírej vrátka | 1 | |
| 9. | Jednotka českých a slovenských... | o Francii | 1 | |
| 10. | Ve kterém satirickém románu vy... | Hlava XXII (Catch-22) | 1 |